[Event "GER-ch Seniors 50"]
[Site "Hamburg"]
[Date "2018.07.26"]
[Round "6"]
[White "Sombetzki, Detlef"]
[Black "Kindermann, Ilona"]
[Result "1-0"]
[WhiteElo "1567"]
[BlackElo "1383"]
[PlyCount "113"]
[EventDate "2018.07.21"]
[EventType "swiss"]
[EventRounds "9"]
[EventCountry "GER"]
[SourceTitle "CBM 186 Extra"]
[Source "ChessBase"]
[SourceDate "2018.08.24"]
[SourceVersion "1"]
[SourceVersionDate "2018.08.24"]
[SourceQuality "1"]

1. b3 d6 2. Bb2 e5 3. e3 Nf6 4. Nf3 Be7 5. d4 e4 6. Nfd2 Bf5 7. c4 c6 8. Nc3 d5 9. cxd5 cxd5 10. Be2 0-0 11. 0-0 Nc6 12. a3 a6 13. f3 Qd7 14. fxe4 Nxe4 15. Ndxe4 Bxe4 16. Nxe4 dxe4 17. d5 Na7 18. Qd4 f6 19. Qxe4 g6 20. Bc4 Qd6 21. Qxe7 Qxe7 22. d6+ Qf7 23. Bxf7+ Rxf7 24. Rxf6 Rxf6 25. Bxf6 Nc6 26. e4 Re8 27. Re1 Rf8 28. e5 Kf7 29. Rd1 Nd8 30. Bxd8 Rxd8 31. Kf2 Ke6 32. Re1 Rf8+ 33. Kg3 h6 34. Re3 Rd8 35. Kf4 Rf8+ 36. Ke4 Rf5 37. Kd4 Rg5 38. g3 Rf5 39. g4 Rf4+ 40. Re4 Rf8 41. Kc5 b5 42. Kc6 Rc8+ 43. Kb7 Rc3 44. Kxa6 Rxb3 45. Kb6 Rc3 46. Kxb5 Rxa3 47. Kc5 Ra5+ 48. Kc6 Ra6+ 49. Kc7 Ra7+ 50. Kc6 Ra6+ 51. Kb7 Ra2 52. Rb4 Kxe5 53. Rb6 Rd2 54. Kc7 Kd5 55. Rc6 Rf2 56. d7 Rf8 57. Rd6+ 1-0